[Event "Swiss Queens Wed #7"]
[Site "FIDE Online Arena INT"]
[Date "2024.03.13"]
[Round "3"]
[White "Hilario, Aleyla"]
[Black "Miladinovic, Lena"]
[Result "0-1"]
[WhiteElo "1932"]
[BlackElo "2111"]
[PlyCount "54"]
[EventDate "2024.03.13"]
[EventType "swiss (blitz)"]
[EventRounds "11"]
[EventCountry "NET"]
[SourceTitle "CB12_2024"]
[SourceDate "2023.10.01"]
[SourceVersion "1"]
[SourceVersionDate "2023.10.01"]
[SourceQuality "1"]

1. d4 Nf6 2. c4 e6 3. g3 Bb4+ 4. Bd2 c5 5. Bg2 0-0 6. Nf3 a5 7. 0-0 cxd4 8. Nxd4 Nc6 9. Bxb4 axb4 10. e3 d5 11. cxd5 exd5 12. Nd2 Nxd4 13. exd4 Bg4 14. Qb3 Qd6 15. Rfc1 h5 16. Rc5 h4 17. Qxb4 h3 18. Bh1 Rfe8 19. Nf1 b6 20. Rb5 Qc7 21. Rxb6 Re2 22. Qc5 Qd7 23. a3 Qf5 24. f4 Rc8 25. Qd6 Qc2 26. Bxd5 Ne4 27. Bxe4 Qxe4 0-1

[Event "Swiss Queens Wed #7"]
[Site "FIDE Online Arena INT"]
[Date "2024.03.13"]
[Round "11"]
[White "Miladinovic, Lena"]
[Black "Mariano, Christine Rose"]
[Result "0-1"]
[WhiteElo "2111"]
[BlackElo "1931"]
[PlyCount "60"]
[EventDate "2024.03.13"]
[EventType "swiss (blitz)"]
[EventRounds "11"]
[EventCountry "NET"]
[SourceTitle "CB12_2024"]
[SourceDate "2023.10.01"]
[SourceVersion "1"]
[SourceVersionDate "2023.10.01"]
[SourceQuality "1"]

1. d4 f5 2. Nf3 Nf6 3. g3 e6 4. Bg2 d5 5. 0-0 c6 6. c4 Bd6 7. Qc2 0-0 8. b3 Nbd7 9. Ba3 Qc7 10. Bxd6 Qxd6 11. Nc3 Ne4 12. e3 b6 13. Rac1 Bb7 14. Rfd1 Rac8 15. Qe2 h6 16. Rc2 g5 17. Rdc1 g4 18. Nh4 Nxc3 19. Rxc3 Nf6 20. Ng6 Rf7 21. Ne5 Rfc7 22. Qd2 c5 23. e4 dxe4 24. Qxh6 Qf8 25. Qg5+ Qg7 26. Qe3 cxd4 27. Qxd4 Nd7 28. Qd6 Qxe5 29. Qe7 Nc5 30. h3 Rxe7 0-1

[Event "Swiss Queens Wed #7"]
[Site "FIDE Online Arena INT"]
[Date "2024.03.13"]
[Round "4"]
[White "Miladinovic, Lena"]
[Black "Zaksaite, Salomeja"]
[Result "0-1"]
[WhiteElo "2111"]
[BlackElo "2212"]
[PlyCount "38"]
[EventDate "2024.03.13"]
[EventType "swiss (blitz)"]
[EventRounds "11"]
[EventCountry "NET"]
[SourceTitle "CB12_2024"]
[SourceDate "2023.10.01"]
[SourceVersion "1"]
[SourceVersionDate "2023.10.01"]
[SourceQuality "1"]

1. d4 Nf6 2. Nf3 g6 3. c4 Bg7 4. Nc3 d5 5. cxd5 Nxd5 6. Qa4+ c6 7. Qb3 0-0 8. e4 Nxc3 9. bxc3 c5 10. Be3 Nc6 11. d5 Na5 12. Qc2 e6 13. Rd1 exd5 14. Rxd5 Qf6 15. e5 Qe6 16. Rd6 Qe8 17. Bxc5 Bxe5 18. Be2 Bf5 19. Qa4 Qxa4 0-1

[Event "SRB-chT (Women) Div1"]
[Site "Senta"]
[Date "2023.10.13"]
[Round "4.4"]
[White "Miladinovic, Lena"]
[Black "Milutinovic, Stefana"]
[Result "1/2-1/2"]
[WhiteElo "2100"]
[BlackElo "2117"]
[PlyCount "34"]
[EventDate "2023.10.10"]
[EventType "team-tourn"]
[EventRounds "11"]
[EventCountry "SRB"]
[SourceTitle "Mega2024 Update 01"]
[Source "Chessbase"]
[SourceDate "2023.11.12"]
[SourceVersion "1"]
[SourceVersionDate "2023.11.12"]
[SourceQuality "1"]
[WhiteTeam "Goracici Jelica (W)"]
[BlackTeam "Belgrade Rad (W)"]
[WhiteTeamCountry "SRB"]
[BlackTeamCountry "SRB"]

1. Nf3 Nf6 2. b3 g6 3. c4 Bg7 4. Bb2 c5 5. e3 Nc6 6. Be2 0-0 7. 0-0 b6 8. d4 cxd4 9. Nxd4 Bb7 10. Nc3 d5 11. Nxd5 Nxd5 12. cxd5 Nxd4 13. Bxd4 Bxd5 14. Bxg7 Kxg7 15. Qd4+ Kg8 16. Rfd1 e6 17. e4 Bb7 1/2-1/2

[Event "SRB-chT (Women)"]
[Site "Custica"]
[Date "2022.10.25"]
[Round "4.3"]
[White "Miladinovic, Lena"]
[Black "Tomanovic, Eleonora"]
[Result "1-0"]
[WhiteElo "2098"]
[BlackElo "1357"]
[PlyCount "47"]
[EventDate "2022.10.22"]
[EventType "team-tourn"]
[EventRounds "11"]
[EventCountry "SRB"]
[SourceTitle "EXT 2024"]
[Source "ChessBase"]
[SourceDate "2023.10.10"]
[SourceVersion "1"]
[SourceVersionDate "2023.10.10"]
[SourceQuality "1"]
[WhiteTeam "Goracici Jelica (W)"]
[BlackTeam "Belgrade Partizan (W)"]
[WhiteTeamCountry "SRB"]
[BlackTeamCountry "SRB"]

1. c4 d5 2. cxd5 Qxd5 3. Nc3 Qd8 4. d4 Nf6 5. Nf3 c6 6. e4 Bg4 7. Be2 e6 8. 0-0 Be7 9. Be3 0-0 10. h3 Bh5 11. Ne5 Bxe2 12. Qxe2 Nbd7 13. Rad1 Qc7 14. Bf4 Rad8 15. Ng6 e5 16. Nxe7+ Kh8 17. dxe5 Nxe5 18. Nf5 Rfe8 19. Rxd8 Qxd8 20. Rd1 Qa5 21. Nd6 Re7 22. b4 Qxb4 23. Bxe5 Rxe5 24. Nxf7+ 1-0

[Event "SRB-chT (Women)"]
[Site "Valjevo"]
[Date "2020.09.29"]
[Round "6.6"]
[White "Blagojevic, Tijana"]
[Black "Miladinovic, Lena"]
[Result "1/2-1/2"]
[WhiteElo "2194"]
[BlackElo "2066"]
[PlyCount "54"]
[EventDate "2020.09.25"]
[EventType "team-tourn"]
[EventRounds "11"]
[EventCountry "SRB"]
[SourceTitle "CBM 198 Extra"]
[Source "ChessBase"]
[SourceDate "2020.11.30"]
[SourceVersion "1"]
[SourceVersionDate "2020.11.30"]
[SourceQuality "1"]
[WhiteTeam "Goracici Jelica (W)"]
[BlackTeam "Rudovci Radnicki (W)"]
[WhiteTeamCountry "SRB"]
[BlackTeamCountry "SRB"]

1. e4 c5 2. Nf3 a6 3. c4 Nc6 4. d4 cxd4 5. Nxd4 e5 6. Nf5 d6 7. Ne3 Nf6 8. Nc3 g6 9. Be2 Bh6 10. 0-0 0-0 11. b3 Nd4 12. Bb2 Be6 13. Nc2 Nxe2+ 14. Qxe2 Nh5 15. Nd5 Bxd5 16. cxd5 Nf4 17. Qf3 f5 18. Bc1 Rc8 19. Bxf4 Bxf4 20. Ne3 fxe4 21. Qxe4 Kg7 22. a3 h5 23. g3 Bxe3 24. Qxe3 Rc2 25. Rac1 Qc7 26. Rxc2 Qxc2 27. Qb6 Qc5 1/2-1/2

[Event "SRB-chT (Women)"]
[Site "Valjevo"]
[Date "2020.09.26"]
[Round "2.8"]
[White "Miladinovic, Lena"]
[Black "Benderac, Ana"]
[Result "0-1"]
[WhiteElo "2066"]
[BlackElo "2180"]
[PlyCount "90"]
[EventDate "2020.09.25"]
[EventType "team-tourn"]
[EventRounds "11"]
[EventCountry "SRB"]
[SourceTitle "CBM 198 Extra"]
[Source "ChessBase"]
[SourceDate "2020.11.30"]
[SourceVersion "1"]
[SourceVersionDate "2020.11.30"]
[SourceQuality "1"]
[WhiteTeam "Rudovci Radnicki (W)"]
[BlackTeam "Belgrade BAS (W)"]
[WhiteTeamCountry "SRB"]
[BlackTeamCountry "SRB"]

1. d4 f5 2. Nf3 Nf6 3. g3 b6 4. Bg2 Bb7 5. 0-0 e6 6. c4 Be7 7. d5 Ne4 8. Nd4 c5 9. Nb5 exd5 10. cxd5 d6 11. N5c3 Nxc3 12. Nxc3 0-0 13. Qc2 Na6 14. e4 Nb4 15. Qb1 Ba6 16. a3 Bd3 17. axb4 Bxb1 18. Rxb1 cxb4 19. Nb5 Bf6 20. Be3 Qd7 21. Nd4 Bxd4 22. Bxd4 fxe4 23. Bxe4 Rac8 24. b3 Qb5 25. Rfd1 Rfe8 26. Bf5 Rc7 27. Be6+ Rxe6 28. dxe6 Qe8 29. Be3 Qxe6 30. Bf4 Rc6 31. Re1 Qf7 32. Re4 a5 33. Rbe1 h6 34. Bxh6 gxh6 35. Re8+ Kg7 36. R8e7 Rc3 37. Rxf7+ Kxf7 38. Rb1 Ke6 39. h4 d5 40. Rb2 d4 41. Kf1 d3 42. Ke1 Kd5 43. h5 Kd4 44. g4 Rc1+ 45. Kd2 Rf1 0-1

[Event "Modra Arisan (Women) IM"]
[Site "Modra"]
[Date "2019.09.19"]
[Round "7"]
[White "Keetman, Maaike"]
[Black "Miladinovic, Lena"]
[Result "1-0"]
[WhiteElo "2181"]
[BlackElo "2119"]
[PlyCount "79"]
[EventDate "2019.09.14"]
[EventType "tourn"]
[EventRounds "9"]
[EventCountry "SVK"]
[SourceTitle "EXT 2020"]
[Source "ChessBase"]
[SourceDate "2019.10.17"]
[SourceVersion "1"]
[SourceVersionDate "2019.10.17"]
[SourceQuality "1"]

1. e4 c5 2. Nf3 e6 3. d4 cxd4 4. Nxd4 Nf6 5. Nc3 d6 6. g4 h6 7. h3 a6 8. Bg2 Be7 9. Be3 Nc6 10. Qe2 Qc7 11. f4 Nxd4 12. Bxd4 e5 13. Be3 Be6 14. 0-0-0 b5 15. Kb1 Bc4 16. Qd2 b4 17. Nd5 Nxd5 18. exd5 exf4 19. Bd4 0-0 20. h4 Rac8 21. g5 h5 22. b3 Bb5 23. Be4 f5 24. Bf3 g6 25. Rhe1 Be8 26. Bb2 Rf7 27. Re6 Rh7 28. Rde1 Kf8 29. Qe2 Bb5 30. Qd2 Be8 31. Bd1 Qc5 32. Bd4 Qb5 33. Be2 Qb7 34. Bc4 a5 35. Qxf4 a4 36. Rxe7 Rxe7 37. Qxd6 Qd7 38. Qf6+ Bf7 39. Qg7+ Ke8 40. Qh8+ 1-0

[Event "SRB-chT (Women)"]
[Site "Subotica"]
[Date "2019.08.28"]
[Round "7.2"]
[White "Miladinovic, Lena"]
[Black "Gajcin, Jasmina"]
[Result "1/2-1/2"]
[WhiteElo "2119"]
[BlackElo "1910"]
[PlyCount "78"]
[EventDate "2019.08.22"]
[EventType "team-tourn"]
[EventRounds "11"]
[EventCountry "SRB"]
[SourceTitle "EXT 2020"]
[Source "ChessBase"]
[SourceDate "2019.10.17"]
[SourceVersion "1"]
[SourceVersionDate "2019.10.17"]
[SourceQuality "1"]
[WhiteTeam "Rudovci Radnicki (W)"]
[BlackTeam "Sombor (W)"]
[WhiteTeamCountry "SRB"]
[BlackTeamCountry "SRB"]

1. Nf3 Nf6 2. b3 g6 3. Bb2 Bg7 4. c4 c5 5. e3 Nc6 6. Be2 0-0 7. 0-0 b6 8. d4 cxd4 9. Nxd4 Bb7 10. Nc3 Nxd4 11. Qxd4 Nd5 12. Qd2 Nxc3 13. Bxc3 Bxc3 14. Qxc3 Qc7 15. Qd4 Qc6 16. Bf3 Qc7 17. Bxb7 Qxb7 18. Rfd1 d6 19. Qf4 Rac8 20. Rd5 Rc7 21. Rad1 Rfc8 22. h4 Rc5 23. Qf3 Qd7 24. h5 b5 25. Rxc5 Rxc5 26. cxb5 Rxb5 27. hxg6 hxg6 28. Qa8+ Kg7 29. Rc1 Rb7 30. Rc8 Rc7 31. Rh8 Qf5 32. Qf8+ Kf6 33. Rh4 Rc1+ 34. Kh2 Ke6 35. Rf4 Qh5+ 36. Kg3 Qg5+ 37. Kf3 Qh5+ 38. Kg3 Qg5+ 39. Kf3 Qh5+ 1/2-1/2

[Event "Mediterranean Flower (Women) 19th"]
[Site "Rijeka"]
[Date "2019.03.08"]
[Round "8"]
[White "Miladinovic, Lena"]
[Black "Zimina, Olga"]
[Result "0-1"]
[WhiteElo "2140"]
[BlackElo "2387"]
[PlyCount "74"]
[EventDate "2019.03.03"]
[EventType "tourn"]
[EventRounds "9"]
[EventCountry "CRO"]
[SourceTitle "CBM 189 Extra"]
[Source "ChessBase"]
[SourceDate "2019.06.03"]
[SourceVersion "1"]
[SourceVersionDate "2019.06.03"]
[SourceQuality "1"]

1. c4 e5 2. a3 Nf6 3. e3 c6 4. Nc3 d5 5. d4 exd4 6. exd4 Be7 7. Nf3 0-0 8. Bd3 dxc4 9. Bxc4 Nbd7 10. 0-0 Nb6 11. Ba2 Bg4 12. Re1 Bh5 13. Bf4 Re8 14. Be5 Bd6 15. Qd3 Bg6 16. Qd2 Bxe5 17. Nxe5 Qd6 18. Qf4 Nbd5 19. Qf3 Rad8 20. h3 Qe6 21. Kh2 Qd6 22. Kg1 Qe6 23. Kh2 Qd6 24. Kg1 Qf8 25. Bb3 Rd6 26. Rac1 Nc7 27. Qg3 Ne6 28. Ba2 Nh5 29. Nxg6 hxg6 30. Qe5 Nhf4 31. Rcd1 Red8 32. Re4 g5 33. Kh2 Ng6 34. Qf5 Ne7 35. Bxe6 Nxf5 36. Bxf5 g6 37. Bg4 f5 0-1

[Event "Mediterranean Flower (Women) 19th"]
[Site "Rijeka"]
[Date "2019.03.05"]
[Round "3"]
[White "Miladinovic, Lena"]
[Black "Babiy, Olga"]
[Result "1/2-1/2"]
[WhiteElo "2140"]
[BlackElo "2305"]
[PlyCount "73"]
[EventDate "2019.03.03"]
[EventType "tourn"]
[EventRounds "9"]
[EventCountry "CRO"]
[SourceTitle "CBM 189 Extra"]
[Source "ChessBase"]
[SourceDate "2019.06.03"]
[SourceVersion "1"]
[SourceVersionDate "2019.06.03"]
[SourceQuality "1"]

1. d4 Nf6 2. Nf3 e6 3. e3 b6 4. Bd3 Bb7 5. 0-0 Be7 6. c4 0-0 7. Nc3 d5 8. b3 Nbd7 9. Bb2 c5 10. cxd5 cxd4 11. Nxd4 Nxd5 12. Nxd5 Bxd5 13. Rc1 Nc5 14. Bb1 g6 15. b4 Ne4 16. f3 Nf6 17. e4 Bb7 18. Qb3 Rc8 19. Rcd1 Qe8 20. a4 Bc6 21. b5 Bd7 22. Kh1 e5 23. Nc6 Bxc6 24. bxc6 Bc5 25. Bd3 Nh5 26. g3 Rxc6 27. Bb5 Qe6 28. Qxe6 Rxe6 29. Rd7 a5 30. Bc4 Rd6 31. Rxd6 Bxd6 32. Rd1 Be7 33. Bxe5 Rc8 34. Bb3 Nf6 35. Kg2 Kf8 36. Kf2 Ke8 37. Bxf6 1/2-1/2

[Event "SRB-chT (Women)"]
[Site "Valjevo"]
[Date "2018.09.08"]
[Round "9.3"]
[White "Miladinovic, Lena"]
[Black "Nestorovic, Katarina"]
[Result "1-0"]
[WhiteElo "2098"]
[BlackElo "1975"]
[PlyCount "95"]
[EventDate "2018.08.31"]
[EventType "team-tourn"]
[EventRounds "11"]
[EventCountry "SRB"]
[SourceTitle "CBM 186 Extra"]
[Source "ChessBase"]
[SourceDate "2018.08.24"]
[SourceVersion "1"]
[SourceVersionDate "2018.08.24"]
[SourceQuality "1"]
[WhiteTeam "Rudovci Radnicki (W)"]
[BlackTeam "Sahmatni kruzok (W)"]
[WhiteTeamCountry "SRB"]
[BlackTeamCountry "SRB"]

1. Nf3 Nf6 2. c4 e6 3. Nc3 Bb4 4. Qc2 b6 5. e4 Bxc3 6. dxc3 e5 7. Nxe5 Qe7 8. Nf3 Qxe4+ 9. Qxe4+ Nxe4 10. Ng5 Bb7 11. f3 Nf6 12. Bf4 d6 13. 0-0-0 0-0 14. h4 h6 15. Nh3 Re8 16. Bd3 Nbd7 17. Rhe1 a5 18. b3 Nc5 19. Bb1 Ba6 20. Bh2 b5 21. cxb5 Bxb5 22. c4 Bc6 23. Nf4 Reb8 24. Bg1 Nfd7 25. Nd3 Na6 26. Bc2 a4 27. Bd4 d5 28. Re7 dxc4 29. bxc4 Nb4 30. Nxb4 Rxb4 31. Bd3 a3 32. Bc3 Rb7 33. h5 Nc5 34. Bg6 f6 35. Rd2 Kf8 36. Rde2 Rd8 37. Rf7+ Kg8 38. Ree7 Nd3+ 39. Bxd3 Rxd3 40. Rxg7+ Kf8 41. Kc2 Rd6 42. Rgf7+ Kg8 43. Bxf6 Ba4+ 44. Kc3 Rb2 45. Rxc7 Rxa2 46. Rg7+ Kf8 47. Rc8+ Be8 48. Re7 1-0

[Event "SRB-chT (Women)"]
[Site "Valjevo"]
[Date "2018.09.06"]
[Round "7.2"]
[White "Miladinovic, Lena"]
[Black "Milutinovic, Stefana"]
[Result "1-0"]
[WhiteElo "2098"]
[BlackElo "2149"]
[PlyCount "100"]
[EventDate "2018.08.31"]
[EventType "team-tourn"]
[EventRounds "11"]
[EventCountry "SRB"]
[SourceTitle "CBM 186 Extra"]
[Source "ChessBase"]
[SourceDate "2018.08.24"]
[SourceVersion "1"]
[SourceVersionDate "2018.08.24"]
[SourceQuality "1"]
[WhiteTeam "Rudovci Radnicki (W)"]
[BlackTeam "Belgrade Rad (W)"]
[WhiteTeamCountry "SRB"]
[BlackTeamCountry "SRB"]

1. c4 e5 2. a3 d6 3. e3 g6 4. b4 Bg7 5. Bb2 Ne7 6. h4 h6 7. d4 0-0 8. Nf3 e4 9. Nfd2 f5 10. Qb3 a5 11. c5+ d5 12. b5 Kh7 13. g3 Nd7 14. Nc3 Nf6 15. Be2 c6 16. Na4 f4 17. gxf4 Bg4 18. Nb6 Bxe2 19. Kxe2 Ra7 20. Rag1 Nf5 21. Nf1 Nh5 22. Ng3 Nxh4 23. Nxh5 gxh5 24. Qa4 Nf3 25. bxc6 Nxg1+ 26. Rxg1 Qc7 27. Nxd5 Qxc6 28. Nb6 Qxa4 29. Nxa4 Raa8 30. Nb6 Rad8 31. Bc3 a4 32. Rh1 Rf5 33. f3 exf3+ 34. Kxf3 Rdf8 35. Nc4 R5f7 36. Rxh5 Kg6 37. Rh1 Kh7 38. Nd6 Rd7 39. Ne4 Re8 40. Nd6 Rf8 41. Bb4 Rfd8 42. Nc4 Re8 43. Rd1 Bf6 44. d5 h5 45. e4 h4 46. e5 Bd8 47. Nd6 Rg8 48. Nf5 Rf7 49. Ke4 Rgf8 50. c6 Rxf5 1-0

[Event "World op 46th"]
[Site "Philadelphia"]
[Date "2018.07.08"]
[Round "8"]
[White "Miladinovic, Lena"]
[Black "Homa, Seth"]
[Result "0-1"]
[WhiteElo "2120"]
[BlackElo "2239"]
[PlyCount "216"]
[EventDate "2018.07.04"]
[EventType "swiss"]
[EventRounds "9"]
[EventCountry "USA"]
[SourceTitle "CBM 185 Extra"]
[Source "ChessBase"]
[SourceDate "2018.07.29"]
[SourceVersion "1"]
[SourceVersionDate "2018.07.29"]
[SourceQuality "1"]

1. c4 e6 2. Nc3 d5 3. cxd5 exd5 4. d4 Nf6 5. Bg5 c6 6. Nf3 Be7 7. Qc2 Nbd7 8. e3 h6 9. Bh4 Nh5 10. Bxe7 Qxe7 11. 0-0-0 Nhf6 12. Bd3 Nb6 13. Kb1 Be6 14. Rc1 a5 15. Rhe1 a4 16. Ne5 0-0 17. f4 Rfc8 18. f5 Bd7 19. e4 dxe4 20. Nxe4 Nxe4 21. Bxe4 Re8 22. f6 gxf6 23. Nxd7 Qxd7 24. Qd2 f5 25. Bc2 Rxe1 26. Rxe1 Re8 27. Rf1 Nc4 28. Qc3 Ne3 29. Rf3 Nxc2 30. Rg3+ Kf8 31. Kxc2 Re2+ 32. Kd1 Re4 33. Rd3 Kg8 34. Qd2 Qe6 35. d5 cxd5 36. Rxd5 Qb6 37. Rd8+ Kh7 38. Rd6 Qg1+ 39. Kc2 Qxh2 40. Rd7 Rc4+ 41. Kd3 Rc7 42. Rxc7 Qxc7 43. Qf2 Kg6 44. a3 b5 45. Kd2 Kg5 46. Kd1 Qf4 47. Qg1 Kg4 48. Qh1 Kg3 49. Qe1+ Kxg2 50. Qe2+ Kg1 51. Qxb5 Qf1+ 52. Qxf1+ Kxf1 53. b4 axb3 54. a4 b2 55. Kc2 Ke2 56. a5 f4 57. Kxb2 f3 58. a6 f2 59. a7 f1Q 60. a8Q Qf6+ 61. Kc2 Qf5+ 62. Kc1 Qc5+ 63. Kb2 Qd4+ 64. Kc1 Kd3 65. Kb1 Qb4+ 66. Kc1 Qc5+ 67. Kb2 Qf2+ 68. Ka1 f5 69. Qa6+ Kc3 70. Qc6+ Kd3 71. Qa6+ Ke3 72. Qxh6+ Qf4 73. Qh3+ Kd2 74. Qg2+ Kd3 75. Qg6 Qe5+ 76. Ka2 Qd5+ 77. Kb2 Ke2 78. Qh5+ Qf3 79. Qh2+ Qf2 80. Qe5+ Kd3+ 81. Kb3 Qb6+ 82. Ka2 Qa6+ 83. Kb1 Qb7+ 84. Ka2 Qe4 85. Qd6+ Kc3 86. Qf6+ Kc2 87. Qb2+ Kd1 88. Qg7 f4 89. Qg1+ Ke2 90. Kb2 f3 91. Qh2+ f2 92. Kc1 Qc4+ 93. Kb2 Qd4+ 94. Kc2 Qc5+ 95. Kb2 Qe3 96. Kc2 Qd2+ 97. Kb3 Qd3+ 98. Kb2 Ke1 99. Qh4 Qd2+ 100. Kb3 Qd3+ 101. Kb2 Ke2 102. Qh2 Qe4 103. Kc3 Qc6+ 104. Kb2 Qf6+ 105. Kc2 Qg6+ 106. Kb2 Qg4 107. Kc2 Ke3 108. Qh1 Qe4+ 0-1

[Event "SRB-ch sf (Women)"]
[Site "Zrenjanin"]
[Date "2018.02.20"]
[Round "7"]
[White "Miladinovic, Lena"]
[Black "Gajcin, Jasmina"]
[Result "1/2-1/2"]
[WhiteElo "2081"]
[BlackElo "1953"]
[PlyCount "55"]
[EventDate "2018.02.16"]
[EventType "swiss"]
[EventRounds "9"]
[EventCountry "SRB"]
[SourceTitle "CBM 183 Extra"]
[Source "ChessBase"]
[SourceDate "2018.04.19"]
[SourceVersion "1"]
[SourceVersionDate "2018.04.19"]
[SourceQuality "1"]

1. c4 Nf6 2. Nc3 g6 3. Nf3 Bg7 4. e4 c5 5. d4 cxd4 6. Nxd4 Nc6 7. Be3 0-0 8. Be2 d6 9. 0-0 Bd7 10. Qd2 Nxd4 11. Bxd4 Bc6 12. Bd3 a5 13. Rfe1 a4 14. Rad1 Qa5 15. Nd5 Bxd5 16. exd5 Qxd2 17. Rxd2 Rfe8 18. Rde2 Nxd5 19. Bxg7 Nf4 20. Rxe7 Rxe7 21. Rxe7 Kxg7 22. Be4 Rc8 23. g3 Kf6 24. Rd7 Rxc4 25. gxf4 Rxe4 26. Rxd6+ Re6 27. Rd4 Rb6 28. Rxa4 1/2-1/2

[Event "SRB-ch sf (Women)"]
[Site "Zrenjanin"]
[Date "2018.02.18"]
[Round "5"]
[White "Tomin, Ksenija"]
[Black "Miladinovic, Lena"]
[Result "0-1"]
[WhiteElo "2025"]
[BlackElo "2081"]
[PlyCount "66"]
[EventDate "2018.02.16"]
[EventType "swiss"]
[EventRounds "9"]
[EventCountry "SRB"]
[SourceTitle "CBM 183 Extra"]
[Source "ChessBase"]
[SourceDate "2018.04.19"]
[SourceVersion "1"]
[SourceVersionDate "2018.04.19"]
[SourceQuality "1"]

1. e4 c5 2. Nf3 e6 3. b3 a6 4. Bb2 Nc6 5. c4 Qc7 6. e5 b6 7. d3 Bb7 8. Nbd2 Nh6 9. Ne4 Nf5 10. a3 h6 11. Be2 0-0-0 12. h4 Nfd4 13. Nxd4 Nxd4 14. f4 d6 15. exd6 Bxd6 16. g3 Be7 17. Bxd4 Rxd4 18. Bf3 Rhd8 19. Nf2 g5 20. hxg5 hxg5 21. Bxb7+ Qxb7 22. Qe2 Rxd3 23. Rg1 R3d4 24. fxg5 Bxg5 25. Nh3 Re4 26. Nxg5 Rxe2+ 27. Kxe2 Qe7 28. Nf3 Qf6 29. Rad1 Qb2+ 30. Rd2 Qxb3 31. Rxd8+ Kxd8 32. Rd1+ Ke7 33. Ne5 Qb2+ 0-1